Szczegóły MARC21

Primary activity box : games and activities for younger learners /

003 -Nazwa inst., której nr kontr. jest w polu 001 [,]
    • @
    • Nazwa instytucji, której n kontrolny jest w polu 001
    • NUKAT
005 -DATA I CZAS OSTATNIEJ MODYFIKACJI [,]
    • @
    • pole kontrolne
    • 20241231112708.0
020 -Międzynarod. znormalizowany nr książki - ISBN [ , ]
    • a
    • Numer ISBN
    • 0521779413 Find
    • q
    • Dopowiedzenie
    • Resource Book
020 -Międzynarod. znormalizowany nr książki - ISBN [ , ]
    • a
    • Numer ISBN
    • 0521779669 Find
    • q
    • Dopowiedzenie
    • Cassette
040 -Instytucja sporządzająca opis [ , ]
    • a
    • Instytucja, która sporządziła opis (NP)
    • KAT U/28DC
    • c
    • Instytucja, która sporządziła rekord (NP)
    • KAT U/28DC
    • d
    • Instytucja, która zmodyfikowała rekord (P)
    • KAT U/28DC
942 -Rodzaj dokumentu [ , ]
    • c
    • Rodzaj dokumentu
    • Książka
100 -Hasło główne - nazwa osobowa [1, ]
    • a
    • Nazwa osobowa (NP)
    • Nixon, Caroline.
    • 9
    • KHW
    • 577085
245 -Strefa tytułu i oznaczenia odpowiedzialności [1,0]
    • a
    • Tytuł
    • Primary activity box : Find
    • b
    • Ciąg dalszy tytułu (NP)
    • games and activities for younger learners / Find
    • c
    • Pozostałe elementy strefy tytułu i oznaczenia odpowiedzialności (NP)
    • Caroline Nixon and Michael Tomlinson.
260 -Strefa adresu wydawniczego [ , ]
    • a
    • Miejsce wydania (P)
    • Cambridge :
    • b
    • Nazwa wydawcy (P)
    • Cambridge University Press,
    • c
    • Data wydania (P)
    • 2001.
300 -Strefa opisu fizycznego [ , ]
    • a
    • Określenie formy książki i/lub objętość (NP)
    • 128 s. :
    • b
    • Oznaczenie ilustracji (NP)
    • il. ;
    • c
    • Format (NP)
    • 30 cm .
336 -Typ zawartości [ , ]
    • a
    • Termin opisujący typ zawartości
    • Tekst
    • b
    • Kod określający zawartość
    • txt
    • 2
    • Źródło (terminu i kodu)
    • rdacontent
337 -Typ mediów [ , ]
    • a
    • Tryb odtwarzania
    • Bez urządzenia pośredniczącego
    • b
    • Kod typu mediów
    • n
    • 2
    • Źródło (terminu i kodu)
    • rdamedia
338 -Typ/rodzaj nośnika [ , ]
    • a
    • Hasło opisujące typ nośnika
    • Wolumin
    • b
    • Kod typu nośnika
    • nc
    • 2
    • Źródło (terminu i kodu)
    • rdacarrier
490 -Strefa serii i książki wielotomowej - forma nie do wyszukiwania [1, ]
    • a
    • Tytuł (P)
    • Cambridge Copy Collection Find
830 -Hasło dodatkowe serii i opisu książki wielotomowej - tytuł ujednolicony/tytuł [ ,0]
    • a
    • Tytuł ujednolicony/tytuł (NP)
    • Cambridge Copy Collection
    • x
    • ISSN
    • 1759-5312
    • 9
    • KHW
    • 577087
500 -Uwaga ogólna [ , ]
    • a
    • Uwaga ogólna (NP)
    • Wydawnictwo luźnokartkowe - oprawa spiralna.
521 -Uwaga dot. przeznaczenia czytelniczego [8, ]
    • a
    • Uwaga dot. przeznaczenia czytelniczego
    • For young learners [and] teachers.
080 -Uniwersalna Klasyfikacja Dziesiętna [ , ]
    • 2
    • Identyfikator wydania tablic
    • UDC-P022
    • a
    • Symbol klasyfikacji
    • 372.4
    • b
    • Dopowiedzenie
    • Nauczanie początkowe.
080 -Uniwersalna Klasyfikacja Dziesiętna [ , ]
    • 2
    • Identyfikator wydania tablic
    • UDC-P022
    • a
    • Symbol klasyfikacji
    • 793.4/.7
    • b
    • Dopowiedzenie
    • Gry i zabawy towarzyskie.
650 -Hasło przedmiotowe [ ,7]
    • a
    • Hasło przedmiotowe
    • Gry językowe
    • x
    • Określnik rzeczowy
    • studia i nauczanie.
    • 2
    • Źródło terminu
    • kaba
    • 9
    • KHW
    • 410620
650 -Hasło przedmiotowe [ ,7]
    • a
    • Hasło przedmiotowe
    • Język angielski
    • x
    • Określnik rzeczowy
    • słownictwo
    • v
    • Określnik formalny
    • wydawnictwa dla młodzieży.
    • 2
    • Źródło terminu
    • kaba
    • 9
    • KHW
    • 577359
980 -Symbol UKD [ , ]
    • a
    • UKD
    • 372.4:793.4/.7
700 -Hasło dodatkowe - nazwa osobowa [1, ]
    • a
    • Nazwa osobowa (NP)
    • Tomlinson, Michael Find
    • d
    • Daty biograficzne (NP)
    • (1966- ).
    • 9
    • KHW
    • 577086
920 -ISBN [ , ]
    • a
    • ISBN
    • 0-521-77941-3 Find
    • q
    • Dopowiedzenie
    • Resource Book
920 -ISBN [ , ]
    • a
    • ISBN
    • 0-521-77966-9 Find
    • q
    • Dopowiedzenie
    • Cassette
Data inwentaryzacji Lokalizacja Status udost. Numer inwentarzowy Sygnatura
2006-05-19BM1A.7603ANG. Metodyka-m. alternatywne 28